| 000 -LEADER |
| fixed length control field |
01219mam a22002894a 4500 |
| 001 - CONTROL NUMBER |
| control field |
3025356 |
| 005 - DATE AND TIME OF LATEST TRANSACTION |
| control field |
20131016053514.0 |
| 008 - FIXED-LENGTH DATA ELEMENTS--GENERAL INFORMATION |
| fixed length control field |
000914s2001 nyu b 001 0 alb |
| 020 ## - INTERNATIONAL STANDARD BOOK NUMBER |
| International Standard Book Number |
9951050840 |
| 041 0# - LANGUAGE CODE |
| Language code of text/sound track or separate title |
alb |
| 080 ## - UNIVERSAL DECIMAL CLASSIFICATION NUMBER |
| Universal Decimal Classification number |
32 |
| Common auxiliary subdivision |
(091) |
| 245 00 - TITLE STATEMENT |
| Title |
Teoria diplomatike prej Makiavelit te Kisinxheri / |
| Statement of responsibility, etc |
[edited by] G.R. Berridge, Maurice Keens-Soper, and T.G. Otte. [Përktheu : Blendi Kraja] |
| 260 ## - |
| -- |
Pejë : |
| -- |
Dukagjini ; |
| -- |
2005 |
| 300 ## - |
| -- |
ix, 333 p. ; |
| -- |
20 cm. |
| 490 1# - |
| -- |
Studies in diplomacy |
| 504 ## - BIBLIOGRAPHY, ETC. NOTE |
| Bibliography, etc |
Parathënie f. : 11 |
| 505 00 - |
| -- |
Machiavelli / |
| -- |
G. R. Berridge -- |
| -- |
Guicciardini / |
| -- |
G. R. Berridge -- |
| -- |
Grotius / |
| -- |
G. R. Berridge -- |
| -- |
Richelieu / |
| -- |
G. R. Berridge -- |
| -- |
Wicquefort / |
| -- |
Maurice Keens-Soper -- |
| -- |
Callieres / |
| -- |
Maurice Keens-Soper -- |
| -- |
Satow / |
| -- |
T. G. Otte -- |
| -- |
Nicolson / |
| -- |
T. G. Otte -- |
| -- |
Kissinger / |
| -- |
T. G. Otte. |
| 520 1# - |
| -- |
"This book offers an introductory guide to four centuries of diplomatic thought."--BOOK JACKET. |
| 650 #0 - |
| -- |
Diplomacia |
| -- |
Filozofia |
| 650 #0 - |
| -- |
Diplomatët |
| 650 #0 - |
| -- |
Politika botërore |
| 700 1# - |
| -- |
Berridge, Geoff. |
| 700 1# - |
| -- |
Keens-Soper, H. M. A. |
| 700 1# - |
| -- |
Otte, Thomas G., |
| -- |
1967- |
| 830 #0 - |
| -- |
Studies in diplomacy. |
| 942 ## - ADDED ENTRY ELEMENTS (KOHA) |
| Source of classification or shelving scheme |
|
| Item type |
Books |